How children develop / (Record no. 52306)

MARC details
000 -LEADER
fixed length control field 00612nam a2200229Ia 4500
005 - DATE AND TIME OF LATEST TRANSACTION
control field 20260429112106.0
008 - FIXED-LENGTH DATA ELEMENTS--GENERAL INFORMATION
fixed length control field 260429s9999||||xx |||||||||||||| ||und||
020 ## - INTERNATIONAL STANDARD BOOK NUMBER
International Standard Book Number 9781319545062
041 ## - LANGUAGE CODE
Language English
082 ## - DEWEY DECIMAL CLASSIFICATION NUMBER
Classification number 305.23107
Item number SIE
100 ## - MAIN ENTRY--PERSONAL NAME
Personal name Siegler, Robert S.
245 #0 - TITLE STATEMENT
Title How children develop /
Statement of responsibility, etc Robert S. Siegler
250 ## - EDITION STATEMENT
Edition statement 7th ed.
260 ## - PUBLICATION, DISTRIBUTION, ETC. (IMPRINT)
Place of publication, distribution, etc New York :
Name of publisher, distributor, etc Worth Publishers,
Date of publication, distribution, etc 2024.
300 ## - PHYSICAL DESCRIPTION
Extent xxxiii, 700 p.; pbk
650 ## - SUBJECT ADDED ENTRY--TOPICAL TERM
Topical term or geographic name as entry element Developmeny
650 ## - SUBJECT ADDED ENTRY--TOPICAL TERM
Topical term or geographic name as entry element Children
700 ## - ADDED ENTRY--PERSONAL NAME
Personal name Gershoff, Elizabeth T.
700 ## - ADDED ENTRY--PERSONAL NAME
Personal name Leaper, Campbell
700 ## - ADDED ENTRY--PERSONAL NAME
Personal name Saffran, Jenny R.
942 ## - ADDED ENTRY ELEMENTS (KOHA)
Koha item type Text Books
Holdings
Withdrawn status Lost status Damaged status Not for loan Collection code Home library Location Shelving location Date of Cataloging Source of acquisition Total Checkouts Full call number Barcode Date last seen Price effective from Koha item type
        Non-fiction CUTN Central Library CUTN Central Library Social Sciences 29/04/2026 Atlantic Publishers and Distributors, Chennai - Invoice No. 3013317 on 17-02-2026   305.23107 SIE 57382 29/04/2026 29/04/2026 Text Books